000 00273nam a2200097Ia 4500
001 653755
005 20250826154504.0
008 250824s9999 xx 000 0 und d
245 0 _aMİNİK İZCİLER- 6 MİNİK İZCİ GEZEGENİ
_cJUDY DELTON
260 _bGÜNIŞIĞI YAYINLARI
999 _c653755
_d653755